|
|
|
|
| LEADER |
00000nam a2200000 a 4500 |
| 001 |
vtls001286305 |
| 003 |
SK-MaSNL |
| 005 |
20260425224901.0 |
| 008 |
251113s1996 au aa r y eng |
| 015 |
|
|
|a SNBZSA1997-00195
|
| 035 |
|
|
|a SNK000237850
|
| 035 |
|
|
|a urn:nbn:sk:snk-amltfi
|
| 035 |
|
|
|a urn:nbn:sk:snk-am00cdai
|
| 035 |
|
|
|a 71C16170-BA21-43E7-A571-86EEB96A896F
|
| 040 |
|
|
|a SNK
|b slo
|c SNK
|e AACR2
|
| 041 |
0 |
|
|a eng
|
| 044 |
|
|
|a au
|c AT
|
| 080 |
|
|
|a 330.115:331.35(437.6)=20
|2 1981
|
| 080 |
|
|
|a 336.2.01(437.6)=20
|2 1981
|
| 100 |
1 |
|
|a Benčík, Michal
|4 aut
|9 245246
|
| 245 |
1 |
0 |
|a Revision of an econometric model for Slovakia
|b September 1996
|c Michal Bencik
|
| 260 |
|
|
|a Wien
|b Institut für Höhere Studien
|c [1996]
|
| 300 |
|
|
|a 24 s.
|b grafy, tab.
|c 30 cm
|
| 490 |
1 |
|
|a Reihe Osteuropa = East European Series
|v No. 38
|
| 504 |
|
|
|a Bibliogr. odkazy
|
| 650 |
0 |
7 |
|a ekonomika
|2 SNKPH
|9 789
|
| 651 |
|
7 |
|a Slovensko
|2 SNKPHgeo
|9 14231
|
| 655 |
|
7 |
|a príručky
|2 SNK
|9 74364
|
| 830 |
|
0 |
|a Reihe Osteuropa
|9 382729
|
| 958 |
|
|
|a ZS
|
| 958 |
|
|
|a TL
|
| 999 |
|
|
|c 628451
|d 630381
|
| 952 |
|
|
|t P60, <04>, [BOOK], {604}
|a SNK
|b SNK
|y VYP
|7 0
|p 17A0103467
|o snkSB 56974 D1
|i snkV 2603/97
|0 0
|1 0
|4 0
|d 1997-11-06
|l 0
|r 2005-01-02 00:00:00
|w 2026-02-23
|
| 952 |
|
|
|t P60, <03>, [BOOK], {603}
|a SNK
|b SNK
|y PREZ
|7 0
|p 17A0063425
|o snkSB 56974
|i snkV 1211/97
|0 0
|1 0
|4 0
|d 1997-05-23
|f 1
|l 0
|r 2025-04-09 00:00:00
|w 2026-02-23
|